Sports Quiz

Random Sports or Alphabet Quiz

Sports Teams with X-Y-Z Quiz Stats

 Plays Quiz Updated May 24, 2012

Challenge
Share
Tweet
Embed
Score 0/14 Timer 03:00
0 Plays Today
Letter Team % Correct
XRed Sox
91.4%
XWhite Sox
90.1%
YYankees
77.1%
ZJazz
75.9%
YRays
62.8%
XTexans
58.4%
YBlue Jays
52.7%
Letter Team % Correct
ZGrizzlies
52.1%
ZWizards
40.8%
ZTrail Blazers
40.5%
Y Coyotes
39.6%
YCowboys
37.9%
YRoyals
33.7%
YFlyers
31%

You're not logged in!

Compare scores with friends on all Sporcle quizzes.
OR
Log In

You Might Also Like...

Show Comments

Extras

Top Quizzes Today


Score Distribution

Your Account Isn't Verified!

In order to create a playlist on Sporcle, you need to verify the email address you used during registration. Go to your Sporcle Settings to finish the process.

Report this User

Report this user for behavior that violates our Community Guidelines.

Details: